[Event "BL 8788 Erlangen-Koblenz"]
[Site "?"]
[Date "1988.??.??"]
[Round "?.3"]
[White "Wolf, V."]
[Black "Huenerkopf, H."]
[Result "1-0"]
[WhiteElo "2315"]
[BlackElo "2255"]
[PlyCount "69"]
[EventDate "1988.??.??"]

1. d4 Nf6 2. c4 g6 3. Nc3 d5 4. Nf3 Bg7 5. Bg5 dxc4 6. e4 c5 7. d5 b5 8. e5 b4
9. exf6 exf6 10. Qe2+ Kf8 11. Be3 bxc3 12. Bxc5+ Kg8 13. bxc3 Nd7 14. Bb4 Nb6
15. Rd1 Bb7 16. d6 Qd7 17. Qd2 Re8+ 18. Be2 Bxf3 19. gxf3 Re5 20. h4 h5 21. Kf1
Kh7 22. Kg2 Rhe8 23. Bf1 a5 24. Ba3 Qa4 25. Rb1 Nd5 26. Bc1 Qc6 27. Qd4 Rc8 28.
Bxc4 Qxd6 29. Rd1 Rd8 30. Rb7 Qc6 31. Rxf7 Ne3+ 32. Bxe3 Rxd4 33. Rxd4 Rf5 34.
Be2 Rd5 35. Rc4 1-0

[Event "BL 8788 Erlangen-Koblenz"]
[Site "?"]
[Date "1988.??.??"]
[Round "?.7"]
[White "Schlick, V."]
[Black "Autenrieth, M."]
[Result "1/2-1/2"]
[WhiteElo "2290"]
[BlackElo "2355"]
[PlyCount "103"]
[EventDate "1988.??.??"]

1. Nf3 g6 2. c4 Bg7 3. g3 d6 4. Bg2 e5 5. O-O Nf6 6. Nc3 O-O 7. d3 c6 8. Bd2
Re8 9. Qc1 d5 10. cxd5 cxd5 11. d4 e4 12. Ne5 Qb6 13. Bf4 Be6 14. Qd2 Nh5 15.
Na4 Qb5 16. Nc5 Nxf4 17. gxf4 Bc8 18. a4 Qb6 19. f3 e3 20. Qc3 Nc6 21. Rfd1 Bh6
22. a5 Qd8 23. Qxe3 Nxa5 24. Qf2 Bxf4 25. e3 Bh6 26. f4 b6 27. b4 f6 28. Qf3
bxc5 29. Qxd5+ Be6 30. Qxa8 Qxa8 31. Bxa8 fxe5 32. Rxa5 Rxa8 33. bxc5 exd4 34.
Rxd4 Bf8 35. Ra6 Kf7 36. Re4 Bc8 37. Rc6 a5 38. Ra4 Ke8 39. Rc7 Kd8 40. Rxh7
Bxc5 41. Kf2 Bb4 42. Ra1 Ra6 43. Rh8+ Kd7 44. Rc1 Bb7 45. Rh7+ Be7 46. Rxe7+
Kxe7 47. Rc7+ Kf6 48. Rxb7 a4 49. Rb2 a3 50. Ra2 Ke6 51. e4 Kd6 52. Kf3 1/2-1/2

[Event "BL 8788 Bamberg-Heidelberg"]
[Site "?"]
[Date "1988.??.??"]
[Round "?.1"]
[White "Ostl, A."]
[Black "Pfleger, H."]
[Result "1/2-1/2"]
[WhiteElo "2385"]
[BlackElo "2485"]
[PlyCount "56"]
[EventDate "1988.??.??"]

1. Nf3 d5 2. c4 e6 3. g3 Nf6 4. Bg2 Be7 5. O-O O-O 6. d4 Nbd7 7. Nbd2 c5 8. b3
cxd4 9. Nxd4 Nb6 10. cxd5 Nfxd5 11. Bb2 e5 12. Nc2 f6 13. Nc4 Be6 14. Nxb6 axb6
15. Qd3 Qd7 16. Rfd1 Rfd8 17. Be4 h6 18. Qf3 f5 19. Bxd5 Bxd5 20. Qh5 Qe6 21.
Ne3 Be4 22. Rxd8+ Rxd8 23. Nc4 Bf6 24. Qg6 Bc6 25. Ne3 Rd2 26. Bc3 Rxe2 27.
Nxf5 Qd5 28. Nxh6+ Kh8 1/2-1/2

[Event "BL 8788 Bamberg-Heidelberg"]
[Site "?"]
[Date "1988.??.??"]
[Round "?.2"]
[White "Zysk, R."]
[Black "Mack, P."]
[Result "1-0"]
[WhiteElo "2400"]
[BlackElo "2285"]
[PlyCount "55"]
[EventDate "1988.??.??"]

1. d4 e6 2. c4 f5 3. g3 Nf6 4. Bg2 d5 5. Nh3 c6 6. O-O Bd6 7. b3 O-O 8. Ba3
Bxa3 9. Nxa3 Qe7 10. Qc1 e5 11. dxe5 Qxe5 12. cxd5 Nxd5 13. Nc4 Qf6 14. Nf4 Nc3
15. Qe3 Na6 16. Nh5 Qd4 17. Qg5 h6 18. Qe7 Rf7 19. Qd6 Nxe2+ 20. Kh1 Qxd6 21.
Nxd6 Re7 22. Rae1 Kf8 23. Bf3 Nd4 24. Nf4 Rxe1 25. Rxe1 Nc7 26. Ng6+ Kg8 27.
Ne7+ Kf8 28. Nexc8 1-0

[Event "BL 8788 Bamberg-Heidelberg"]
[Site "?"]
[Date "1988.??.??"]
[Round "?.4"]
[White "Meister, P."]
[Black "Cicak, S."]
[Result "0-1"]
[WhiteElo "2370"]
[BlackElo "2290"]
[PlyCount "100"]
[EventDate "1988.??.??"]

1. d4 Nf6 2. c4 e6 3. Nf3 d5 4. Nc3 Be7 5. Bg5 O-O 6. e3 h6 7. Bh4 b6 8. Qc2
Bb7 9. Bxf6 Bxf6 10. cxd5 exd5 11. O-O-O c5 12. h4 cxd4 13. exd4 Nc6 14. Kb1
Bc8 15. Qb3 Be6 16. Ba6 Rb8 17. Qa4 Na5 18. Ne5 b5 19. Bxb5 Qb6 20. b4 Nc4 21.
f4 Ne3 22. Rd2 Nf5 23. Nd7 Bxd7 24. Bxd7 Qd6 25. a3 Qxf4 26. Rd3 Ne3 27. Re1
Bxd4 28. Qb3 Rfd8 29. Rexe3 Bxe3 30. Nxd5 Qe4 31. Bf5 Qxg2 32. Nxe3 Qh1+ 33.
Rd1 Rxd1+ 34. Qxd1 Qxh4 35. Bc2 a5 36. Qd3 g6 37. b5 Rd8 38. Qc3 a4 39. Kb2 h5
40. b6 Rd6 41. Qc5 Qf6+ 42. Ka2 Rxb6 43. Nc4 Rc6 44. Qd5 Ra6 45. Nb2 Qe6 46.
Qxe6 Rxe6 47. Bxa4 h4 48. Bd7 Re7 49. Bh3 Re3 50. Bg2 h3 0-1

[Event "BL 8788 Bamberg-Heidelberg"]
[Site "?"]
[Date "1988.??.??"]
[Round "?.6"]
[White "Ruehrig, V."]
[Black "Zuse, P."]
[Result "1/2-1/2"]
[WhiteElo "2360"]
[BlackElo "2295"]
[PlyCount "118"]
[EventDate "1988.??.??"]

1. c4 g6 2. Nc3 Nf6 3. g3 Bg7 4. Bg2 O-O 5. b4 c6 6. e4 d5 7. cxd5 cxd5 8. exd5
Na6 9. Ba3 Nc7 10. Qb3 Nfxd5 11. Nge2 Be6 12. Qd1 a5 13. Rb1 Bf5 14. Rb3 a4 15.
Rb2 Nxc3 16. Nxc3 Bxc3 17. dxc3 Qxd1+ 18. Kxd1 Nb5 19. Bxb7 Rad8+ 20. Rd2 Nxc3+
21. Kc1 Rxd2 22. Kxd2 Nb1+ 23. Rxb1 Bxb1 24. b5 Bxa2 25. Kc3 Rb8 26. Bc6 f5 27.
Bxe7 Kf7 28. Ba3 Ke6 29. Kd4 Rd8+ 30. Kc5 Bd5 31. b6 Bxc6 32. Kxc6 Rc8+ 33. Kb5
Kd7 34. b7 Re8 35. Kb6 g5 36. Ka7 Kc7 37. Bb2 g4 38. Be5+ Kc6 39. b8=Q Rxb8 40.
Kxb8 a3 41. Ba1 h5 42. Kc8 a2 43. Kd8 Kd5 44. Ke7 Ke4 45. Kf6 f4 46. Kg5 f3 47.
Kxh5 Kd3 48. Kxg4 Ke2 49. Bd4 Kd3 50. Be5 Ke2 51. h4 Kxf2 52. h5 Kg2 53. h6 f2
54. h7 f1=Q 55. h8=Q Qf3+ 56. Kh4 a1=Q 57. Bxa1 Qxg3+ 58. Kh5 Qh3+ 59. Kg6 Qxh8
1/2-1/2

[Event "BL 8788 Bamberg-Heidelberg"]
[Site "?"]
[Date "1988.??.??"]
[Round "?.7"]
[White "Krieger, H."]
[Black "Kestler, H."]
[Result "0-1"]
[WhiteElo "2215"]
[BlackElo "2385"]
[PlyCount "84"]
[EventDate "1988.??.??"]

1. e4 c5 2. Nf3 d6 3. d4 cxd4 4. Nxd4 Nf6 5. Nc3 Nc6 6. Bg5 e6 7. Qd2 Be7 8.
O-O-O O-O 9. Nb3 h6 10. Bxf6 Bxf6 11. Qxd6 Bxc3 12. bxc3 Qf6 13. Qg3 e5 14. Bc4
a5 15. a4 Qe7 16. Kb2 b6 17. Rd3 Na7 18. Bd5 Rb8 19. f4 b5 20. Ra1 bxa4 21.
Rxa4 Bd7 22. Rxa5 exf4 23. Qxf4 Nc6 24. Ra6 Rbc8 25. Rg3 Kh7 26. h4 f6 27. Kc1
Ne5 28. h5 Bb5 29. Qf5+ Kh8 30. Ra5 Bc4 31. Nd4 Bxd5 32. Rxd5 Rfe8 33. Nb5 Ra8
34. Nd6 Ra1+ 35. Kd2 Rd8 36. Rgd3 Rf8 37. R3d4 Rg1 38. Qf2 Rh1 39. Nf5 Qf7 40.
Ng3 Rh2 41. Rd8 Qg8 42. Ke2 Rxd8 0-1

[Event "BL 8788 München 36-Kreuzberg"]
[Site "?"]
[Date "1988.??.??"]
[Round "?.1"]
[White "Lehmann, K."]
[Black "Smejkal, J."]
[Result "0-1"]
[WhiteElo "2315"]
[BlackElo "2515"]
[PlyCount "162"]
[EventDate "1988.??.??"]

1. e4 g6 2. d4 Bg7 3. Nf3 d6 4. Nc3 Nf6 5. Be2 O-O 6. O-O Nbd7 7. e5 Ne8 8. Bf4
c6 9. exd6 Nxd6 10. Qd2 Nf6 11. Rad1 Bf5 12. Bd3 Bg4 13. Be2 Qa5 14. Ne5 Bxe2
15. Qxe2 Rad8 16. Rd3 Nf5 17. Nf3 Rfe8 18. Be5 b5 19. a3 Nd6 20. Nd2 Qb6 21.
Nd1 Nf5 22. Nf3 c5 23. dxc5 Qxc5 24. Nc3 Rxd3 25. Qxd3 a6 26. Rd1 Nh4 27. Bd4
Nxf3+ 28. Qxf3 Qc7 29. Be3 h5 30. h3 Rc8 31. Bf4 Qc6 32. Qe3 Qb7 33. Be5 Qc6
34. Qd4 Re8 35. Rd2 Rc8 36. Nd5 Qxd5 37. Qxd5 Nxd5 38. Bxg7 Kxg7 39. Rxd5 Rxc2
40. Rd7 Rxb2 41. Ra7 Ra2 42. Rxa6 b4 43. a4 b3 44. Rb6 b2 45. Kh2 b1=Q 46. Rxb1
Rxf2 47. Ra1 Rf6 48. Kg3 Ra6 49. Kf4 Kf6 50. Ke4 Ke6 51. Kd4 Kd6 52. Kc4 Kc6
53. Kb4 Rb6+ 54. Kc4 Rb2 55. g3 Rg2 56. Ra3 Rc2+ 57. Kd4 Rc5 58. Ke4 Ra5 59.
Kd4 f5 60. h4 e5+ 61. Kc4 Rd5 62. Re3 Rd4+ 63. Kb3 e4 64. Rc3+ Kb6 65. Ka3 Rd1
66. Kb2 Rg1 67. Kb3 Rg2 68. Kc4 Ka5 69. Kb3 Rf2 70. Rc5+ Kb6 71. Re5 Rf3+ 72.
Kb4 Rxg3 73. a5+ Kc6 74. a6 Rg1 75. Ra5 Rb1+ 76. Kc4 Rb8 77. a7 Ra8 78. Ra6+
Kb7 79. Rxg6 Re8 80. Rg1 f4 81. Ra1 Ka8 0-1

[Event "BL 8788 München 36-Kreuzberg"]
[Site "?"]
[Date "1988.??.??"]
[Round "?.2"]
[White "Nikolac, J."]
[Black "Conquest, S."]
[Result "1-0"]
[WhiteElo "2470"]
[BlackElo "2395"]
[PlyCount "161"]
[EventDate "1988.??.??"]

1. Nf3 Nf6 2. d4 d5 3. c4 c6 4. e3 e6 5. Nbd2 c5 6. Bd3 Nc6 7. dxc5 Bxc5 8. O-O
O-O 9. a3 a5 10. Qc2 Qb6 11. b3 d4 12. exd4 Nxd4 13. Nxd4 Bxd4 14. Rb1 e5 15.
Nf3 h6 16. Nxd4 exd4 17. Re1 Bd7 18. Bb2 Rfd8 19. Rbd1 Bg4 20. f3 Be6 21. Re5
Rac8 22. Rb5 Qxb5 23. cxb5 Rxc2 24. Bxc2 Rc8 25. Rd2 d3 26. Bxd3 Bxb3 27. Bf5
Re8 28. Rd6 Bc4 29. Bxf6 gxf6 30. b6 Re3 31. Be4 Ba6 32. a4 Ra3 33. Rxf6 Kg7
34. Rf5 Rxa4 35. Bd5 Rb4 36. Rxf7+ Kg6 37. Rc7 Rxb6 38. Be4+ Kf6 39. Rc5 Rb5
40. Rc3 a4 41. Kf2 Rb2+ 42. Kg3 Ke5 43. Rc5+ Kd4 44. Ra5 Rb4 45. Kf4 Bc4 46.
Bxb7 Rxb7 47. Rxa4 Rf7+ 48. Kg3 Rg7+ 49. Kf2 Kd3 50. g4 Rf7 51. Kg3 Bd5 52. f4
Bc6 53. Ra6 Rc7 54. Ra5 Be4 55. h3 Ke3 56. Ra3+ Bd3 57. f5 Rc1 58. Kh4 Rh1 59.
Rb3 Ke4 60. Rc3 Be2 61. Kh5 Bd3 62. h4 Bb1 63. Rc6 Rd1 64. Kxh6 Kf4 65. Rc4+
Ke5 66. Kg5 Rd8 67. Rc6 Ba2 68. h5 Bf7 69. h6 Rh8 70. Rb6 Rg8+ 71. Rg6 Rh8 72.
Rg7 Bd5 73. h7 Bf3 74. Re7+ Kd6 75. f6 Ra8 76. Re3 Bd5 77. Kg6 Be6 78. g5 Rc8
79. Kg7 Rc7+ 80. Kh6 Rc8 81. g6 1-0

[Event "BL 8788 München 36-Kreuzberg"]
[Site "?"]
[Date "1988.??.??"]
[Round "?.3"]
[White "Glienke, M."]
[Black "Bastian, H."]
[Result "0-1"]
[WhiteElo "2305"]
[BlackElo "2335"]
[PlyCount "138"]
[EventDate "1988.??.??"]

1. b3 e5 2. Bb2 Nc6 3. e3 Nf6 4. d4 Bb4+ 5. c3 Be7 6. dxe5 Nxe5 7. Nf3 Nxf3+ 8.
gxf3 d5 9. Rg1 Bf5 10. Bd3 Bg6 11. Qc2 Qd7 12. Nd2 Qh3 13. Rh1 Qg2 14. Ke2 Ne4
15. Nxe4 dxe4 16. Bxe4 Bh4 17. Rhf1 O-O-O 18. c4 Rhe8 19. Bxg6 hxg6 20. Rae1 f5
21. Rd1 Rxd1 22. Qxd1 Bg5 23. Bd4 Bxe3 24. Bxe3 f4 25. Kd3 fxe3 26. Qe2 Qxh2
27. Kc2 Qg2 28. a4 c5 29. a5 a6 30. Re1 Qh2 31. fxe3 Qc7 32. Ra1 Rh8 33. Rf1
Qxa5 34. Kb2 Qc7 35. f4 Qc6 36. Rf2 Kb8 37. Rh2 Re8 38. Rf2 Rd8 39. Qc2 Qh1 40.
Rd2 Rh8 41. Rd1 Qf3 42. Rd2 Qxe3 43. Rf2 Rh3 44. Ka1 Qd4+ 45. Qb2 Qd7 46. Qd2
Rd3 47. Qc2 Qd8 48. Kb2 Rd1 49. Qc3 Ka7 50. Re2 Rd4 51. Qe3 Qc7 52. Rd2 Qxf4
53. Qxf4 Rxf4 54. Rd7 Rf6 55. Rxg7 Kb6 56. Ka3 Kc6 57. Rg8 b5 58. Rc8+ Kb6 59.
Rb8+ Ka5 60. cxb5 axb5 61. Ra8+ Kb6 62. Rb8+ Kc6 63. Rc8+ Kd5 64. Rb8 Ra6+ 65.
Kb2 b4 66. Rd8+ Rd6 67. Rc8 Kd4 68. Rg8 Rf6 69. Rd8+ Ke4 0-1

[Event "BL 8788 München 36-Kreuzberg"]
[Site "?"]
[Date "1988.??.??"]
[Round "?.4"]
[White "Kaiser, W."]
[Black "Grzesik, F."]
[Result "0-1"]
[WhiteElo "2355"]
[BlackElo "2255"]
[PlyCount "80"]
[EventDate "1988.??.??"]

1. d4 d5 2. c4 e6 3. Nc3 Be7 4. Nf3 Nf6 5. Bg5 h6 6. Bh4 O-O 7. e3 b6 8. Rc1
Bb7 9. Be2 Nbd7 10. cxd5 exd5 11. O-O c5 12. Bb5 Ne4 13. Bg3 Nxg3 14. hxg3 Nf6
15. Ne5 Qd6 16. Qf3 Rac8 17. Bd3 a6 18. Rcd1 Rc7 19. g4 c4 20. Bb1 b5 21. g5
hxg5 22. Qf5 b4 23. Ng4 g6 24. Nh6+ Kh7 25. Qh3 Kg7 26. Ne2 Bc8 27. Bf5 g4 28.
Nxg4 Rh8 29. Nxf6 Bxf5 30. Qxh8+ Kxh8 31. Ne8 Qd7 32. Nxc7 Qxc7 33. Ng3 Bd3 34.
Rfe1 Qa5 35. e4 Qxa2 36. exd5 Bd6 37. Ne4 Bxe4 38. Rxe4 Qxb2 39. Re8+ Kg7 40.
Rd8 c3 0-1

[Event "BL 8788 München 36-Kreuzberg"]
[Site "?"]
[Date "1988.??.??"]
[Round "?.5"]
[White "Dietze, F."]
[Black "Pichler, J."]
[Result "1-0"]
[WhiteElo "2240"]
[BlackElo "2320"]
[PlyCount "109"]
[EventDate "1988.??.??"]

1. d4 Nf6 2. c4 d6 3. Nc3 Nbd7 4. e4 e5 5. Nf3 c6 6. Be2 Be7 7. O-O a6 8. b4
O-O 9. Qb3 a5 10. b5 exd4 11. Nxd4 Nc5 12. Qc2 Qc7 13. Bf4 Re8 14. Bg3 Bf8 15.
Bf3 Bg4 16. Bxg4 Nxg4 17. Nb3 Qb6 18. Rad1 Ne5 19. Qe2 a4 20. Nd4 Qa5 21. Qc2
Rac8 22. bxc6 bxc6 23. Nf5 Rcd8 24. Ne3 Qb4 25. Rb1 Qa5 26. Rfd1 Rb8 27. Rxb8
Rxb8 28. f4 Ned7 29. Nf5 a3 30. Be1 Rb2 31. Qc1 Nxe4 32. Nh6+ gxh6 33. Nxe4 Qf5
34. Qe3 d5 35. cxd5 cxd5 36. Qg3+ Qg6 37. Rxd5 Qxg3 38. hxg3 Nb6 39. Rd8 f5 40.
Nd6 Rxa2 41. Bb4 Nd5 42. Bc5 Nc7 43. Nxf5 Ne6 44. Nxh6+ Kg7 45. Bxf8+ Nxf8 46.
Nf5+ Kf7 47. Ra8 Ne6 48. Kh2 Kf6 49. Nd6 Nd4 50. Nc4 Nf3+ 51. Kh3 Ng1+ 52. Kg4
Rxg2 53. Ra6+ Ke7 54. Rxa3 Ne2 55. Re3+ 1-0

[Event "BL 8788 München 36-Kreuzberg"]
[Site "?"]
[Date "1988.??.??"]
[Round "?.6"]
[White "Goetz, R."]
[Black "Grzesik, T."]
[Result "1-0"]
[WhiteElo "2325"]
[BlackElo "2300"]
[PlyCount "125"]
[EventDate "1988.??.??"]

1. e4 e5 2. Nf3 Nc6 3. Bc4 Nf6 4. d3 h6 5. c3 d6 6. Bb3 g6 7. O-O Bg7 8. Nbd2
O-O 9. d4 Qe7 10. Re1 Nh7 11. dxe5 dxe5 12. Nc4 Nd8 13. Be3 Ng5 14. Nxg5 hxg5
15. Qd5 Be6 16. Bc5 Qf6 17. Qd2 Re8 18. Be3 Bxc4 19. Bxc4 Ne6 20. Bxe6 Rxe6 21.
Bxg5 Rd6 22. Qe3 Qe6 23. Qc5 Rb6 24. b3 Bf8 25. Qd5 Re8 26. Be3 Rc6 27. c4 b6
28. Red1 Ba3 29. Rd2 a5 30. Rad1 Bc5 31. Bxc5 Rxc5 32. Qxe6 Rxe6 33. Rd8+ Kg7
34. R1d5 Rcc6 35. a4 Re7 36. Kf1 Rce6 37. Ke2 Kf6 38. Kd3 Re8 39. Rxe8 Rxe8 40.
Rd7 Rc8 41. c5 bxc5 42. Kc3 Ke6 43. Rd5 Ra8 44. Rxc5 Kd6 45. Rd5+ Ke6 46. Kc4
c6 47. Rd3 g5 48. f3 Rb8 49. Kc5 Ke7 50. Kxc6 Ke6 51. Rd6+ Ke7 52. Rd5 Ke6 53.
Rxa5 Rxb3 54. Rb5 Ra3 55. a5 g4 56. Kb7 gxf3 57. gxf3 f5 58. Rb6+ Kd7 59. a6
fxe4 60. fxe4 Rf3 61. a7 Rf7 62. a8=Q Rf8 63. Qa4+ 1-0

[Event "BL 8788 München 36-Kreuzberg"]
[Site "?"]
[Date "1988.??.??"]
[Round "?.7"]
[White "Konieczka, F."]
[Black "Koepf, U."]
[Result "1/2-1/2"]
[WhiteElo "2235"]
[BlackElo "2230"]
[PlyCount "56"]
[EventDate "1988.??.??"]

1. e4 e6 2. d4 d5 3. Nd2 c5 4. Ngf3 Nc6 5. exd5 exd5 6. Bb5 Bd6 7. dxc5 Bxc5 8.
O-O Nge7 9. Nb3 Bd6 10. Bg5 O-O 11. Re1 Bg4 12. Be2 h6 13. Bh4 Re8 14. Nfd4
Bxe2 15. Rxe2 Qb6 16. c3 Nxd4 17. Nxd4 Bc5 18. Qe1 Kf8 19. Bxe7+ Bxe7 20. Qd2
Bg5 21. Rxe8+ Rxe8 22. Qc2 Kg8 23. Rd1 Bf6 24. Nf3 d4 25. cxd4 Bxd4 26. Nxd4
Qxd4 27. h3 Qf4 28. b3 a6 1/2-1/2

[Event "BL 8788 Kreuzberg-Bayern"]
[Site "?"]
[Date "1988.??.??"]
[Round "?.1"]
[White "Ribli, Z."]
[Black "Lehmann, K."]
[Result "1-0"]
[WhiteElo "2595"]
[BlackElo "2315"]
[PlyCount "85"]
[EventDate "1988.??.??"]

1. Nf3 Nf6 2. c4 b6 3. d4 e6 4. g3 Bb7 5. Bg2 Be7 6. Nc3 Ne4 7. Bd2 d5 8. cxd5
exd5 9. Qa4+ Qd7 10. Qc2 Nxc3 11. Qxc3 Nc6 12. O-O O-O 13. Bf4 Bf6 14. e3 Rac8
15. Rfd1 Rfe8 16. h4 h6 17. Kh2 Qe7 18. h5 Bg5 19. Rac1 Bxf4 20. exf4 Qf6 21.
Ne5 Nd8 22. b4 a6 23. Bh3 Ne6 24. a4 c6 25. a5 b5 26. Re1 Rc7 27. Qd2 Qd8 28.
Bxe6 Rxe6 29. Nd3 Qf6 30. Rxe6 Qxe6 31. Re1 Qf6 32. Re8+ Kh7 33. Qe3 Qf5 34.
Re5 Qf6 35. Nc5 Bc8 36. Re8 Bg4 37. Qe5 Qxe5 38. fxe5 Bc8 39. f3 g6 40. g4 gxh5
41. gxh5 Kg7 42. Kg3 f6 43. e6 1-0

[Event "BL 8788 Kreuzberg-Bayern"]
[Site "?"]
[Date "1988.??.??"]
[Round "?.2"]
[White "Conquest, S."]
[Black "Kindermann, S."]
[Result "1/2-1/2"]
[WhiteElo "2395"]
[BlackElo "2490"]
[PlyCount "53"]
[EventDate "1988.??.??"]

1. d4 Nf6 2. c4 e6 3. Nc3 Bb4 4. Qc2 O-O 5. a3 Bxc3+ 6. Qxc3 b6 7. e3 Bb7 8.
Nf3 Ne4 9. Qc2 f5 10. b3 d6 11. Bb2 Nd7 12. Bd3 c5 13. O-O Ndf6 14. Qe2 Ng4 15.
Rad1 Qe7 16. Bb1 Rad8 17. b4 a5 18. b5 Rd7 19. d5 exd5 20. cxd5 Qf7 21. Nh4
Bxd5 22. Rxd5 Qxd5 23. f3 Qd2 24. Re1 Qxe2 25. Rxe2 d5 26. Ba2 Nh6 27. fxe4
1/2-1/2

[Event "BL 8788 Kreuzberg-Bayern"]
[Site "?"]
[Date "1988.??.??"]
[Round "?.4"]
[White "Grzesik, F."]
[Black "Hickl, J."]
[Result "0-1"]
[WhiteElo "2255"]
[BlackElo "2455"]
[PlyCount "60"]
[EventDate "1988.??.??"]

1. e4 g6 2. d4 Bg7 3. Nf3 d6 4. h3 c6 5. a4 Qc7 6. Be3 Nf6 7. Nc3 Nbd7 8. Be2
O-O 9. O-O Re8 10. Qd2 b6 11. Rfe1 Bb7 12. Rad1 Rad8 13. Bg5 a6 14. Bd3 e5 15.
dxe5 dxe5 16. Bc4 b5 17. axb5 axb5 18. Ba2 Qa5 19. Ra1 Qc7 20. Rad1 b4 21. Nb1
c5 22. Qd6 Qa5 23. Bc4 Nf8 24. Bxf7+ Kxf7 25. Nxe5+ Kg8 26. Nc6 Rxd6 27. Nxa5
Rxd1 28. Rxd1 Bxe4 29. c3 Bxb1 30. Rxb1 bxc3 0-1

[Event "BL 8788 Kreuzberg-Bayern"]
[Site "?"]
[Date "1988.??.??"]
[Round "?.5"]
[White "Hertneck, G."]
[Black "Dietze, F."]
[Result "1-0"]
[WhiteElo "2450"]
[BlackElo "2240"]
[PlyCount "83"]
[EventDate "1988.??.??"]

1. d4 Nf6 2. c4 g6 3. Nc3 Bg7 4. e4 d6 5. Nf3 O-O 6. Be2 c5 7. O-O Na6 8. Re1
Bg4 9. Be3 Rc8 10. d5 Rb8 11. a3 Nc7 12. b4 Nd7 13. Rc1 Bxf3 14. Bxf3 b5 15.
bxc5 Nxc5 16. Bxc5 dxc5 17. e5 bxc4 18. Qa4 Na8 19. Qxc4 Qa5 20. Qa4 Qxa4 21.
Nxa4 Rb3 22. Nxc5 Rxa3 23. d6 exd6 24. exd6 Nb6 25. d7 Bd4 26. Nb7 Nxd7 27.
Red1 Ne5 28. Rxd4 Rxf3 29. Ra4 Rb3 30. Rxa7 Rb2 31. Nd6 Rxf2 32. Kxf2 Nd3+ 33.
Ke3 Nxc1 34. Rb7 f5 35. Rc7 Nb3 36. Kf4 Nd4 37. Ke5 Nb3 38. h4 Nd2 39. h5 Nf1
40. h6 Ra8 41. Rg7+ Kf8 42. Rxh7 1-0

[Event "BL 8788 Kreuzberg-Bayern"]
[Site "?"]
[Date "1988.??.??"]
[Round "?.7"]
[White "Schlosser, P."]
[Black "Konieczka, F."]
[Result "1-0"]
[WhiteElo "2375"]
[BlackElo "2235"]
[PlyCount "61"]
[EventDate "1988.??.??"]

1. d4 d5 2. c4 Bf5 3. Nf3 e6 4. Qb3 Nc6 5. Bd2 dxc4 6. Qxb7 Nge7 7. Qa6 Rb8 8.
Bc3 Nb4 9. Qa4+ Nec6 10. Na3 Qd5 11. Ne5 Rb6 12. Nxc6 Qxc6 13. Qxc6+ Rxc6 14.
g3 Ra6 15. Bg2 Rxa3 16. bxa3 Nc2+ 17. Kd2 Nxa1 18. Bc6+ Kd8 19. e4 Bg6 20. Rb1
Nb3+ 21. axb3 Ke7 22. bxc4 Kd6 23. Ba8 Be7 24. c5+ Kd7 25. c6+ Kc8 26. Bb7+ Kb8
27. f3 Rd8 28. Ke3 f6 29. Ba6+ Ka8 30. Rb7 Bd6 31. Bb4 1-0

[Event "BL 8788 Bayern-HSV"]
[Site "?"]
[Date "1988.??.??"]
[Round "?.2"]
[White "Kindermann, S."]
[Black "Chandler, M."]
[Result "1/2-1/2"]
[WhiteElo "2490"]
[BlackElo "2575"]
[PlyCount "83"]
[EventDate "1988.??.??"]

1. e4 c5 2. Nf3 e6 3. d4 cxd4 4. Nxd4 Nf6 5. Nc3 Nc6 6. Ndb5 Bb4 7. a3 Bxc3+ 8.
Nxc3 d5 9. exd5 exd5 10. Bg5 O-O 11. Be2 Bf5 12. O-O d4 13. Bxf6 Qxf6 14. Nd5
Qd6 15. c4 dxc3 16. Nxc3 Qf6 17. Bf3 Rad8 18. Qa4 Rd4 19. Qb3 Ne5 20. Be2 b6
21. Rad1 Nc6 22. Nb5 Rdd8 23. Qc3 Qxc3 24. Nxc3 Bc2 25. Rxd8 Rxd8 26. Bf3 Nd4
27. Bd1 Bd3 28. Re1 Kf8 29. f4 a5 30. Kf2 b5 31. g3 Bc4 32. Bg4 b4 33. axb4
axb4 34. Nb1 f5 35. Bh3 g6 36. Nd2 Bf7 37. Rc1 b3 38. Bf1 Nc2 39. Nf3 Ke7 40.
Be2 Bd5 41. Ne5 Be4 42. Rd1 1/2-1/2

[Event "BL 8788 Bayern-HSV"]
[Site "?"]
[Date "1988.??.??"]
[Round "?.3"]
[White "Wahls, M."]
[Black "Bischoff, K."]
[Result "1/2-1/2"]
[WhiteElo "2435"]
[BlackElo "2460"]
[PlyCount "31"]
[EventDate "1988.??.??"]

1. e4 c5 2. Nf3 Nc6 3. d4 cxd4 4. Nxd4 Qb6 5. Nb3 Nf6 6. Nc3 e6 7. Be3 Qc7 8.
Bd3 a6 9. f4 d6 10. g4 Nd7 11. Qd2 b6 12. O-O-O Bb7 13. Kb1 Nc5 14. g5 Be7 15.
h4 O-O-O 16. h5 1/2-1/2

[Event "BL 8788 Bayern-HSV"]
[Site "?"]
[Date "1988.??.??"]
[Round "?.4"]
[White "Hickl, J."]
[Black "Wegner, H."]
[Result "1-0"]
[WhiteElo "2455"]
[BlackElo "2370"]
[PlyCount "55"]
[EventDate "1988.??.??"]

1. e4 e5 2. Nf3 Nc6 3. Bc4 Bc5 4. c3 Nf6 5. b4 Bb6 6. d3 d6 7. O-O Ne7 8. Nbd2
Ng6 9. Bb3 d5 10. exd5 Nxd5 11. Bxd5 Qxd5 12. c4 Qxd3 13. c5 Qc3 14. Rb1 Bxc5
15. bxc5 Qxc5 16. Qb3 f6 17. Ba3 Qc6 18. Rbc1 Qd7 19. g3 b6 20. Rfd1 c5 21. Ne4
Qe6 22. Nd6+ Ke7 23. Qe3 Rd8 24. Nb5 Rxd1+ 25. Rxd1 Qc6 26. Nbd4 Qd7 27. Bxc5+
bxc5 28. Nf5+ 1-0

[Event "BL 8788 Bayern-HSV"]
[Site "?"]
[Date "1988.??.??"]
[Round "?.6"]
[White "Stangl, M."]
[Black "Maus, So"]
[Result "1-0"]
[WhiteElo "2375"]
[BlackElo "2375"]
[PlyCount "97"]
[EventDate "1988.??.??"]

1. Nf3 Nf6 2. c4 c5 3. Nc3 b6 4. g3 Bb7 5. Bg2 g6 6. d4 cxd4 7. Qxd4 d6 8. b3
Bg7 9. Bb2 O-O 10. O-O Nbd7 11. Rac1 Rc8 12. Rfd1 Re8 13. Nd5 b5 14. Qxa7 Bxd5
15. cxd5 Nc5 16. Qa3 Ra8 17. Qb4 Rxa2 18. Bc3 Qb6 19. Nd4 Nfe4 20. Be1 f5 21.
e3 Na6 22. Qxb5 Qxb5 23. Nxb5 Rb8 24. Bf1 Nac5 25. Rb1 Ng5 26. Kg2 Nce4 27. Bd3
Nf7 28. Nd4 Rb7 29. b4 Ne5 30. Be2 Nf6 31. Kf1 Nxd5 32. Nxf5 Nb6 33. Nxg7 Kxg7
34. Rdc1 Kh6 35. Rb3 d5 36. Rd1 e6 37. Rbb1 Nbc4 38. Rd4 g5 39. h4 g4 40. Bxg4
Rf7 41. Kg1 Nxg4 42. Rxg4 e5 43. b5 Re2 44. Rd1 Rb7 45. Kf1 Rb2 46. Rxd5 R2xb5
47. Rxb5 Rxb5 48. Rxc4 Rb1 49. Ke2 1-0

[Event "BL 8788 Bayern-HSV"]
[Site "?"]
[Date "1988.??.??"]
[Round "?.7"]
[White "Behrhorst, F."]
[Black "Schlosser, P."]
[Result "0-1"]
[WhiteElo "2355"]
[BlackElo "2375"]
[PlyCount "56"]
[EventDate "1988.??.??"]

1. d4 Nf6 2. c4 e6 3. Nc3 Bb4 4. e3 c5 5. Nge2 cxd4 6. exd4 O-O 7. a3 Be7 8.
Nf4 d5 9. cxd5 Nxd5 10. Ncxd5 exd5 11. Be2 Nc6 12. O-O Bf6 13. Be3 Bf5 14. Rc1
g6 15. Rc5 Ne7 16. Qb3 Be4 17. Qxb7 Rb8 18. Qxa7 Rxb2 19. Bb5 Nf5 20. Qa4 Nxe3
21. fxe3 Bg5 22. Rf2 Rxf2 23. Kxf2 Bxf4 24. exf4 Qh4+ 25. Ke3 Qxh2 26. Be2 Qxg2
27. Kd2 Qf2 28. Rc3 Rb8 0-1

[Event "BL 8788 Bayern-HSV"]
[Site "?"]
[Date "1988.??.??"]
[Round "?.8"]
[White "Klundt, K."]
[Black "Michaelsen, N."]
[Result "1-0"]
[WhiteElo "2390"]
[BlackElo "2205"]
[PlyCount "87"]
[EventDate "1988.??.??"]

1. e4 c5 2. Nf3 Nc6 3. d4 cxd4 4. Nxd4 Nf6 5. Nc3 d6 6. g3 e6 7. Bg2 Bd7 8. O-O
Be7 9. h3 O-O 10. Nde2 a6 11. a4 Qc7 12. g4 Rab8 13. g5 Ne8 14. f4 b5 15. axb5
axb5 16. Ng3 b4 17. Nce2 f6 18. h4 Rb5 19. Qd3 Ra5 20. Be3 fxg5 21. hxg5 g6 22.
Rxa5 Qxa5 23. Rd1 Ng7 24. Qb3 Kh8 25. Nd4 e5 26. Nxc6 Bxc6 27. f5 gxf5 28. exf5
Bxg2 29. f6 Bc6 30. fxg7+ Kxg7 31. Qe6 Qc7 32. Nf5+ Rxf5 33. Qxf5 Be8 34. Ra1
Bf7 35. Ra7 Qd8 36. Kh2 Qe8 37. b3 Kg8 38. Qe4 Bf8 39. Qxb4 Bd5 40. Qh4 Qg6 41.
Rc7 Qf5 42. c4 Ba8 43. Qf2 Qg6 44. Rc8 1-0

[Event "BL 8788 HSV-München 36"]
[Site "?"]
[Date "1988.??.??"]
[Round "?.2"]
[White "Chandler, M."]
[Black "Nikolac, J."]
[Result "1-0"]
[WhiteElo "2575"]
[BlackElo "2470"]
[PlyCount "75"]
[EventDate "1988.??.??"]

1. e4 c6 2. d4 d5 3. Nd2 g6 4. Ngf3 Bg7 5. Bd3 Bg4 6. c3 Nf6 7. e5 Nfd7 8. h3
Bxf3 9. Nxf3 e6 10. h4 c5 11. h5 Nc6 12. Be3 cxd4 13. cxd4 Qb6 14. Qe2 Nb4 15.
Bb1 gxh5 16. Rxh5 h6 17. a3 Nc6 18. Bd3 O-O-O 19. Kf1 Kb8 20. Rd1 Rc8 21. g3
Ka8 22. Kg2 f6 23. exf6 Nxf6 24. Rh4 Nd7 25. Rdh1 h5 26. Rxh5 Rxh5 27. Rxh5
Nxd4 28. Nxd4 Bxd4 29. Bxd4 Qxd4 30. Qxe6 Nb6 31. Qe2 Qf6 32. Qe5 Qd8 33. Qd4
Qc7 34. Rh7 Qc6 35. g4 a6 36. g5 Nc4 37. g6 Nd6 38. Rh8 1-0